"Money Heist/Casa de Papel" City Names - Picture Quiz - Statistics

General Stats
  • This quiz has been taken 132 times
  • The average score is 12 of 15
Answer Stats
Picture Answer % Correct
Berlin
99%
Tokyo
99%
Rio
95%
Denver
93%
Helsinki
89%
Nairobi
89%
Moscow
81%
Oslo
81%
Stockholm
81%
Lisbon
73%
Palermo
72%
Bogotá
64%
Manila
63%
Marseille
52%
Pamplona
32%
No matching quizzes found
Score Distribution
Percent of People with Each Score
Percentile by Number Answered
Your Score History
You have not taken this quiz